| 000 | 00346nam a2200145Ia 4500 | ||
|---|---|---|---|
| 008 | 150201s2013 xx 000 0 und d | ||
| 082 |
_a616.5 _bI13P |
||
| 100 | _aPASRICHA , J.S. | ||
| 245 | _aILLUSTRATED TB. OF DERMATOLOGY | ||
| 250 | _a4TH | ||
| 260 |
_bJAYPEE _aDELHI _c2013 |
||
| 300 | _a1-191 | ||
| 650 | _aDERMATOLOGY | ||
| 942 |
_2ddc _cBK _01 |
||
| 999 |
_c1462 _d1462 |
||